000 00738nam a2200229 i 4500
001 131452
003 ES-MaACL
005 20250819063100.0
007 t|
008 070214s1983 sp |||| | spa d
020 _a84-206-8071-0
100 1 _aRodríguez Adrados, Francisco,
_d1922-2020
_998318
245 1 0 _aFiesta, comedia y tragedia /
_cFrancisco Rodríguez Adrados.
260 _aMadrid :
_bAlianza Editorial,
_c1983.
300 _a624 p. ;
_c23 cm.
490 1 _aAlianza universidad. Textos ;
_v71
650 4 _aTeatro-
_zGrecia.
_917310
650 4 _aTeatro griego-
_xHistoria y crítica.
_917368
830 1 _aAlianza universidad. Textos ;
_v71
_9177885
852 _aES-MaACL
_jL-5658
999 _c131452
_d131452